000 00407 a2200145 4500
005 20250711093403.0
020 _a978 9987 9539-3-6
082 _a001.43 MLO
100 _aMLOWE, L. K.
245 _aResearch Methodology and Consultancy Techniques.
260 _aDar es Salaam,
_bNBAA,
_c2012.
300 _axv, 268p.: ill.; figure
_bBibliography & Index
_c26cm
700 _aDIYAMETT, M. L.
942 _2ddc
_cBKS
999 _c6662
_d6662